000 00615nam a22002057a 4500
003 OSt
005 20140310182924.0
008 130130t xxu||||| |||| 00| 0 eng d
020 _a9789715848756
050 _a LB1765.P6
_bAg274 2009
082 _aFIL 379.157
_bAg6 2009
245 _aProfessional education : preparing for the licensure examination for teachers
_cAgno,Lydia N... [et al.].
260 _aQuezon City :
_bC & E Publishing, Inc.,
_c c2009.
300 _a223 p. ;
_c 26 cm.
521 _acollege students
526 _c1210L-1700L
541 _j1
562 _e1
942 _2lcc
_cBK
_kFIL
999 _c17394
_d17394